Jegyzőválasztás Göröginyén

Správa o menovaní pomocného notára Ondreja Vojtunyho za obvodného notára v Ohradzanoch dňa 15.10.1908.

Podrobná bibliografia
Médium: Článok
Jazyk:Hungarian
Témy:
Zdroj: 1. Felvidéki Hirlap 1. Roč. 1, č. 32 (25.10.1908) s. 2
LEADER 00881nab#a2200301#ar4500
001 000073369
003 SVKKK
005 20040107xxxxxxx.
008 06 c xo huno
FMT
038 |a SVKKK 
040 |a SVKKK  |b slo  |e AACR2 
041 0 |a hun 
044 |a xo  |c SK 
080 |a 347.961 
242 1 0 |a Voľba notára v Ohradzanoch 
245 0 0 |a Jegyzőválasztás Göröginyén 
500 |a mikrofilm 
520 2 |a Správa o menovaní pomocného notára Ondreja Vojtunyho za obvodného notára v Ohradzanoch dňa 15.10.1908. 
650 0 4 |a Vojtuny, Ondrej (notár) - notár obvodný (funkcia) - menovanie úradné - Ohradzany (HN) - 15.10.1908 - správy 
773 0 |t Felvidéki Hirlap  |g Roč. 1, č. 32 (25.10.1908) s. 2 
957 |a Ohradzany 
958 |a DG 
958 |a SK 
974 |a Ba  |d 20040107 
992 |a RBX 
BAS
998 |a RETRO